| 000 | 00399nam a2200145Ia 4500 | ||
|---|---|---|---|
| 008 | 230917s9999||||xx |||||||||||||| ||und|| | ||
| 040 |
_e215874 _aMAIN |
||
| 041 | _aEnglish | ||
| 082 | _a352.054 S64W | ||
| 100 | _aSingla, Pamela | ||
| 245 | 0 | _aWomen`s participation in Panchayati Raj: Nature and effectiveness | |
| 260 |
_aJaipur _bRawat Publications _c2007 |
||
| 300 | _ax, 285 p. | ||
| 942 | _cBK | ||
| 999 |
_c178878 _d178878 |
||